00342nam a2200133Ia 45000030006000000080041000060400015000471000021000622450061000832500010001442600025001545460012001790050017001910STCL150530s9999 xx 000 0 und d aSTCLcSTCL aChesterton, G.K. aSidelights on New London and Newer York and other essays aFirst bSheed and wardc1932 aEnglish20220125171144.0